000 01599cam a2200421Ia 4500
001 35861760
003 PE-LiUPU
005 20250731173603.0
008 961107s1996 enk b 001 0 eng d
020 _a1850756368
040 _aDWT
_cPE-LiUPU
_dPE-LiUPU
_bspa
_erda
049 _aEXNs
082 _223
_a227.97066
_bL259t
090 _aBS2815.2
_b.L36 1996
100 1 _aLandon, Charles.
_eautor.
245 1 2 _aA text-critical study of the Epistle of Jude /
_cCharles Landon.
260 _cc1996.
264 _aSheffield :
_bSheffield Academic Press,
_cc1996.
300 _a172 páginas ;
_c24 cm.
440 0 _aJournal for the study of the New Testament.
_pSupplement series ;
_v135.
500 _a"Appendix C: The Greek text of Jude": p. [149]-150.
504 _aIncluye referencias bibliográficas (p. [151]-165) e índices.
505 _aINTRODUCTION -- Research aims -- Preamble -- Defining and substantiating an eclectic approach -- Practising and eclectic approach -- mThe apparatus for Jude -- Decimal headings -- DISCUSSION OF VARIANTS -- CONCLUSION -- Eclecticism an internal evidence -- The greek text of Jude in the greek new testament, fourth edition.
526 _aSEG42
526 _aSEG41
526 _aSEG40
526 _aSEG39
526 _aP94
526 _aP87
526 _aP86
526 _aP85
526 _aP77
526 _aP76
526 _aP35
630 1 4 _aBiblia.
_pJudas
_xCrítica textual.
_95066
942 _2ddc
_cBK
_n0
999 _c62866
_d62865
980 _618226
_aJaime Vilcazán Jefe de Análisis Documental
_81
_gALBERTO SANCHEZ Responsable de Automatización